01486nab a2200277 i 4500001000400000003000400004005001700008008003900025040000800064080000800072100013700080245015900217260001000376500002100386520025100407650001600658650001800674650003300692650003500725700013700760773011500897700013101012942001301143999001501156952003701171BPPBPK20191005121919.0151208s2009 pl | | |000 ||pol cBPK a548 aAndriyevskyy, BohdaneAutord2001 - .bPolitechnika Koszalińska - Wydział Elektroniki i Informatyki,cKatedra Podstaw Elektroniki aElipsometria spektroskopowa kryształów ferroelektrycznych w nadfiolecie próżniowym /cBohdan Andriyevsky, Aleksy Patryn, Wioleta Ciepluch-Trojanek. c2009. aDane z autopsji. aW artykule przedstawiono zasady przeprowadzenia analizy elipsometrycznej kryształów optycznych w zakresie nadfioletu próżniowego oraz wyniki oryginalnych badań wybranych kryształów ferroelektrycznych typu TGS (siarczan trójglicyny). 0aKryształy. aElipsometria. aPromieniowanie nadfioletowe. aPromieniowanie synchrotronowe. aCIEPLUCH-TROJANEK, Wioleta.d1999 - .bPolitechnika Koszalińska - Wydział Elektroniki i Informatyki,cKatedra Podstaw Elektroniki iW :tZeszyty Naukowe Wydziału Elektroniki i Informatyki Politechniki Koszalińskiej. -g2009, nr 1, s. 76-86 aPatryn, AleksyeAutord1996 - .bPolitechnika Koszalińska - Wydział Elektroniki i Informatyki,cKatedra Podstaw Elektroniki cART2UKD c4621d4621 00104070aBPKbBPKo01547yART